000 00914nas a2200277 4500
001 BR9900952
003 BR-BrBNA
005 20231205101259.0
007 ta
008 230509b bl.|||p| |||| 00| 00por d
040 _aBR-BrBNA
_bpor
_cBiblioteca Nacional de Agricultura
041 _a(Pt)
072 _aM12; N10
100 1 _aAlves, A.R.
100 1 _aBaeta, F. da C.
100 1 _aLima, S.L.
100 1 _aFigueiredo, M.R.C.
245 1 _aVariacoes de parametros abioticos no desenvolvimento de girinos de ra-touro (Rana catesbeiana Shaw, 1802)em tanques circulares (ferro-cimento)e retangulares (alvenaria de tijolo macico)
650 _aRa Touro
650 _aGirino
650 _aTanque
650 _aCriacao
773 0 _tEngenharia na Agricultura (Brazil)
_xISSN 1414-3984
_g(Apr-Jun 1998), v. 6(2) p. 95-108
_wBR9900952
909 _a202311
_bLúcia
_c55
_dLúcia Elande
942 _2AGRIS
_n0
_cANA
999 _c160864
_d160864